00848nam a2200229 i 450000100060000000300090000600500170001500700030003200800410003510000270007624501260010325000150022926000330024430000350027765000310031270000290034370000270037270000480039985200320044799900170047995201220049679972ES-MaACL20251114151306.0t|041025s1968 sp ||||1| spa d1 aHille, Wilhelm.96371710aElectricidad / cpor Wilhelm Hille y Otto Schneider ; [traducción José Funque ; revisada por Juan Corrales Martín]. a[1ª ed.]. aBarcelona : bLabor, c1968. aXII, 273 p. : bil. ; c23 cm.07aElectricidad2embne9121591 aSchneider, Otto.91045731 aFunque, José.9530331 aCorrales Martín, Juan, d1907-2000940736 aES-MaACLjC-34042 bR.64851 c79972d79972 00104070aATENEOMbATENEOMcDEPO2d2008-01-17eSCl0oC-34042p1083618r2023-02-23 00:00:00w2023-02-23yMONOGRAFIA